Propuesta de un sistema de criterios e indicadores de evaluación a la sostenibilidad de la cría en ciclo cerrado de babilla (Caiman crocodilus fuscus (COPE, 1868) en Colombia (Registro nro. 4530)

Detalles MARC
000 -CABECERA
Campo de control 00644nam a2200181 a 4500
005 - FECHA Y HORA DE LA ULTIMA TRANSACCION
Campo de control 20160528020002.0
008 - ELEMENTOS DE LONGITUD FIJA—INFORMACION GENERAL
Campo de control 140123b2003 ck ||||| |||| 00| 0 spa d
040 ## - FUENTE DE CATALOGACIÓN
Agencia transcriptora CO-BoIH
041 ## - IDIOMA
Código de idioma para texto/pista de sonido o título separado Español
090 ## - CLASIFICACIÓN LOCAL
Colección IAVH
Consecutivo 00333
100 ## - ASIENTO PRINCIPAL--NOMBRE PERSONAL
Nombre personal Quiceno, María Paula
245 ## - MENCION DE TITULO
Título Propuesta de un sistema de criterios e indicadores de evaluación a la sostenibilidad de la cría en ciclo cerrado de babilla (Caiman crocodilus fuscus (COPE, 1868) en Colombia
Parte restante del título informe final de resultados
260 ## - PUBLICACION, DISTRIBUCION, ETC. (PIE DE IMPRENTA)
Lugar de publicación, distribución, etc. Bogotá
Nombre del editor, distribuidor, etc. Instituto Humboldt
Fecha de publicación, distribución, etc. 2003
300 ## - DESCRIPCION FISICA
Extensión 93 p.
700 ## - ASIENTO SECUNDARIO - NOMBRE PERSONAL
Nombre personal Gómez S., Rosario
942 ## - ELEMENTOS ADICIONALES (KOHA)
Tipo de ítem Informe Técnico
Sistema de clasificación Local
Koha issues (borrowed), all copies 1
945 ## - PROCESAMIENTO LOCAL
AAAA-MM-DD - Fecha de ingreso o modificacion 2005-05-25
Existencias
Withdrawn status Lost status Sistema de Clasificación Damaged status No para préstamo Colección Ubicación Permanente Ubicación actual Fecha de adquisición Total Checkouts Número topográfico Inventario / Código de Barras Date last seen Date checked out Ejemplar Price effective from Forma de adquisición Tipo de material
    Local     Humboldt Bogotá Bogotá 13/07/2007 1 IAVH-00333 024728 20/09/2016 27/05/2016 Ej. 1 04/12/2012 Institucional Informe Técnico